[Event "Titled Tuesday intern op 13th Feb Late"]
[Site "Chess.com INT"]
[Date "2024.02.13"]
[Round "6"]
[White "Korchmar, Vasiliy"]
[Black "Rego, Vinicius Vilela"]
[Result "1-0"]
[WhiteElo "2438"]
[BlackElo "2238"]
[PlyCount "45"]
[EventDate "2024.02.13"]
[EventType "swiss (blitz)"]
[EventRounds "11"]
[EventCountry "USA"]
[SourceTitle "CB08_2024"]
[SourceDate "2024.02.21"]
[SourceVersion "1"]
[SourceVersionDate "2024.02.21"]
[SourceQuality "1"]

1. e4 c5 2. d4 cxd4 3. Qxd4 Nc6 4. Qd3 g6 5. Nc3 Bg7 6. Nf3 d6 7. Be2 Nf6 8. 0-0 0-0 9. Nd5 Nxd5 10. exd5 Bf5 11. Qd1 Nb4 12. c3 Nc2 13. g4 Be4 14. Ng5 Nxa1 15. Nxe4 f5 16. gxf5 gxf5 17. Ng5 Qe8 18. Ne6 Rf6 19. Kh1 Rc8 20. Bg5 Rxe6 21. dxe6 Qg6 22. Rg1 Qxe6 23. Bf3 1-0

[Event "Titled Tuesday intern op 13th Feb Late"]
[Site "Chess.com INT"]
[Date "2024.02.13"]
[Round "10"]
[White "Lin, Bryan Enming"]
[Black "Rego, Vinicius Vilela"]
[Result "1-0"]
[WhiteElo "2103"]
[BlackElo "2238"]
[PlyCount "151"]
[EventDate "2024.02.13"]
[EventType "swiss (blitz)"]
[EventRounds "11"]
[EventCountry "USA"]
[SourceTitle "CB08_2024"]
[SourceDate "2024.02.21"]
[SourceVersion "1"]
[SourceVersionDate "2024.02.21"]
[SourceQuality "1"]

1. e4 c5 2. Nf3 Nc6 3. d4 cxd4 4. Nxd4 g6 5. Nc3 Bg7 6. Be3 Nf6 7. Bc4 0-0 8. Bb3 a5 9. a3 a4 10. Ba2 Qa5 11. 0-0 d6 12. h3 Bd7 13. Qe2 Nxd4 14. Bxd4 Bc6 15. Qe3 Nd7 16. Bxg7 Kxg7 17. Rad1 Qc5 18. Qg3 b5 19. Bd5 Nf6 20. Bxc6 Qxc6 21. f3 b4 22. axb4 a3 23. b5 Qc5+ 24. Qf2 axb2 25. Qxc5 dxc5 26. Rb1 Ra3 27. Nd1 Rb8 28. Rxb2 c4 29. Rb4 Nd7 30. Nb2 Rc3 31. Rc1 Ne5 32. Na4 Ra3 33. Kf2 g5 34. Ke2 Kf6 35. Nc5 e6 36. b6 Ke7 37. b7 Kd6 38. Na4 Kc7 39. Rcb1 Ra2 40. Kd2 h5 41. Kc3 h4 42. Nc5 Ra7 43. Rb6 Ra3+ 44. Kd2 c3+ 45. Ke1 Nc4 46. Na6+ Rxa6 47. Rxa6 Ne3 48. Kf2 Nxc2 49. Rc1 Nd4 50. Rxc3+ Kxb7 51. Ra4 Nc6 52. Rb3+ Kc7 53. Rxb8 Kxb8 54. Rc4 Kc7 55. Ke3 Kd6 56. Rc1 f6 57. f4 gxf4+ 58. Kxf4 Ne5 59. Rd1+ Ke7 60. Ra1 Kf7 61. Ra7+ Kg6 62. Ra8 Nd3+ 63. Kg4 f5+ 64. exf5+ exf5+ 65. Kxh4 Nf4 66. Ra6+ Kf7 67. Kg5 Nxg2 68. Kxf5 Kg7 69. Kg5 Kf7 70. h4 Ne3 71. h5 Nd5 72. h6 Kg8 73. Ra8+ Kh7 74. Ra7+ Kh8 75. Kf5 Ne3+ 76. Kg6 1-0

[Event "Titled Tuesday intern op 06th Feb Early"]
[Site "Chess.com INT"]
[Date "2024.02.06"]
[Round "10"]
[White "Ibadov, Dashgyn"]
[Black "Rego, Vinicius Vilela"]
[Result "1/2-1/2"]
[WhiteElo "2360"]
[BlackElo "2238"]
[PlyCount "112"]
[EventDate "2024.02.06"]
[EventType "swiss (blitz)"]
[EventRounds "11"]
[EventCountry "USA"]
[SourceTitle "CB07_2024"]
[SourceDate "2024.02.14"]
[SourceVersion "1"]
[SourceVersionDate "2024.02.14"]
[SourceQuality "1"]

1. e4 c5 2. Nf3 Nc6 3. d4 cxd4 4. Nxd4 g6 5. Nc3 Bg7 6. Be3 Nf6 7. Nxc6 bxc6 8. e5 Ng8 9. Bd4 Nh6 10. e6 0-0 11. Bxg7 Kxg7 12. exd7 Qxd7 13. Qxd7 Bxd7 14. 0-0-0 Be6 15. Be2 c5 16. Bf3 Rad8 17. Nd5 Bxd5 18. Bxd5 Nf5 19. c3 Rd6 20. Bc4 Rfd8 21. Rxd6 exd6 22. Re1 d5 23. Bd3 Kf6 24. Bxf5 gxf5 25. f4 h5 26. Kc2 h4 27. Kd3 Rg8 28. Re2 Rg4 29. Ke3 Ke6 30. Kf3+ Kd6 31. Re5 h3 32. g3 Rg8 33. Rxf5 Rb8 34. b3 c4 35. bxc4 dxc4 36. Rh5 Rb2 37. Rxh3 Rxa2 38. Ke4 Rd2 39. Rh6+ Ke7 40. Ra6 Rxh2 41. Rxa7+ Ke6 42. Ra6+ Ke7 43. f5 Rc2 44. f6+ Ke8 45. Kd4 Rg2 46. Kxc4 Rxg3 47. Kb5 Rxc3 48. Kb4 Rc1 49. Rd6 Rc7 50. Rd5 Rc6 51. Re5+ Re6 52. Rxe6+ fxe6 53. Kc5 Kf7 54. Kd4 Kxf6 55. Ke4 Ke7 56. Ke5 Kd7 1/2-1/2

[Event "Titled Tuesday intern op 06th Feb Early"]
[Site "Chess.com INT"]
[Date "2024.02.06"]
[Round "7"]
[White "Rego, Vinicius Vilela"]
[Black "Andreev, Konstantin1"]
[Result "1-0"]
[WhiteElo "2238"]
[BlackElo "2228"]
[PlyCount "55"]
[EventDate "2024.02.06"]
[EventType "swiss (blitz)"]
[EventRounds "11"]
[EventCountry "USA"]
[SourceTitle "CB07_2024"]
[SourceDate "2024.02.14"]
[SourceVersion "1"]
[SourceVersionDate "2024.02.14"]
[SourceQuality "1"]

1. e4 c5 2. Nf3 e6 3. d4 cxd4 4. Nxd4 Nc6 5. Nc3 Qc7 6. Be3 Nf6 7. Be2 a6 8. 0-0 Be7 9. f4 d6 10. a4 0-0 11. Kh1 Nxd4 12. Bxd4 b6 13. Bd3 Bb7 14. f5 e5 15. Be3 d5 16. Bg5 dxe4 17. Bxf6 Bxf6 18. Bxe4 Rad8 19. Qe2 Rd4 20. Rae1 Bh4 21. Rd1 Rfd8 22. Bxb7 Qxb7 23. Qxe5 Bf6 24. Rxd4 Rc8 25. Qd5 Qc7 26. Rd3 h6 27. Qf3 b5 28. Nd5 1-0

[Event "Titled Tuesday intern op 06th Feb Late"]
[Site "Chess.com INT"]
[Date "2024.02.06"]
[Round "5"]
[White "Rego, Vinicius Vilela"]
[Black "Van Baar, Esper"]
[Result "0-1"]
[WhiteElo "2238"]
[BlackElo "2208"]
[PlyCount "110"]
[EventDate "2024.02.06"]
[EventType "swiss (blitz)"]
[EventRounds "11"]
[EventCountry "USA"]
[SourceTitle "CB07_2024"]
[SourceDate "2024.02.14"]
[SourceVersion "1"]
[SourceVersionDate "2024.02.14"]
[SourceQuality "1"]

1. e4 c5 2. Nf3 d6 3. d4 cxd4 4. Nxd4 Nf6 5. Nc3 a6 6. h3 g6 7. Be3 Nc6 8. a4 Bg7 9. Bc4 0-0 10. 0-0 Qc7 11. Ba2 Nxd4 12. Bxd4 b6 13. Bxf6 exf6 14. Qd4 f5 15. Qd3 fxe4 16. Nxe4 Bf5 17. c3 Rad8 18. Bd5 a5 19. Rfd1 Rfe8 20. Qf3 Be6 21. Ng5 Bxd5 22. Rxd5 Re5 23. Rad1 Rde8 24. g3 h6 25. Rxe5 dxe5 26. Ne4 f5 27. Nd2 e4 28. Qe3 Rd8 29. Re1 Rd3 30. Qe2 Qd7 31. Nc4 Qxa4 32. Nxb6 Qb5 33. Nc8 Qd7 34. Nb6 Qc6 35. Rd1 Rxd1+ 36. Qxd1 Qxb6 37. Qd5+ Kh7 38. h4 h5 39. Qd2 a4 40. Qc2 Qb3 41. Qd2 a3 42. bxa3 Qxa3 43. c4 Qc5 44. Qc2 Bd4 45. Kg2 Kg7 46. Qb3 e3 47. Qb7+ Kh6 48. Qa8 Qxc4 49. Qf8+ Bg7 50. Qe7 Qe4+ 51. Qxe4 fxe4 52. fxe3 Be5 53. Kf2 Kg7 54. Kg2 Kf6 55. Kh3 Kf5 0-1

[Event "Titled Tuesday intern op 06th Feb Early"]
[Site "Chess.com INT"]
[Date "2024.02.06"]
[Round "8"]
[White "Toman, Ondrej"]
[Black "Rego, Vinicius Vilela"]
[Result "0-1"]
[WhiteElo "2276"]
[BlackElo "2238"]
[PlyCount "104"]
[EventDate "2024.02.06"]
[EventType "swiss (blitz)"]
[EventRounds "11"]
[EventCountry "USA"]
[SourceTitle "CB07_2024"]
[SourceDate "2024.02.14"]
[SourceVersion "1"]
[SourceVersionDate "2024.02.14"]
[SourceQuality "1"]

1. d4 g6 2. h4 h5 3. e4 c6 4. Bd3 d5 5. e5 Bg7 6. Ne2 Nh6 7. Ng3 Bg4 8. f3 Bc8 9. c3 c5 10. Qc2 cxd4 11. Bxg6 fxg6 12. Qxg6+ Kf8 13. Nxh5 Nf5 14. Nxg7 Nxg7 15. Bh6 Rg8 16. e6 Bxe6 17. Qxe6 Nc6 18. Qf5+ Ke8 19. Qg6+ Kf8 20. Nd2 dxc3 21. bxc3 Qa5 22. 0-0 Qxc3 23. Rfe1 Qf6 24. Qxf6+ exf6 25. Nb3 Kf7 26. Nc5 Nf5 27. Bf4 Nxh4 28. Re2 Nxf3+ 29. Kf2 Nfd4 30. Rd2 Rg4 31. g3 Rh8 32. Nxb7 Rh2+ 33. Ke3 Nc2+ 34. Kd3 Rxd2+ 35. Kxd2 Nxa1 36. Nd6+ Ke6 37. Nb5 Rg8 38. Kc3 Rh8 39. Nc7+ Kf5 40. Nxd5 Rh1 41. a4 Ke4 42. Nxf6+ Kf5 43. Nd5 Ke6 44. Nc7+ Kd7 45. Nb5 a6 46. Na3 Rf1 47. Nc4 Rf3+ 48. Kb2 Nb3 49. Ne3 Nc5 50. Nd5 Nd3+ 51. Kc2 Nxf4 52. g4 Nxd5 0-1

[Event "Titled Tuesday intern op 03rd Jan Late"]
[Site "Chess.com INT"]
[Date "2023.01.03"]
[Round "2"]
[White "Ozdemir, Serhan Berat"]
[Black "Rego, Vinicius Vilela"]
[Result "0-1"]
[WhiteElo "2200"]
[BlackElo "2238"]
[PlyCount "64"]
[EventDate "2023.01.03"]
[EventType "swiss (blitz)"]
[EventRounds "11"]
[EventCountry "USA"]
[SourceTitle "EXT 2024"]
[Source "ChessBase"]
[SourceDate "2023.10.10"]
[SourceVersion "1"]
[SourceVersionDate "2023.10.10"]
[SourceQuality "1"]

1. e4 c5 2. Nf3 d6 3. d4 cxd4 4. Nxd4 Nf6 5. Nc3 g6 6. Be3 Bg7 7. f3 0-0 8. Qd2 Nc6 9. Bc4 Bd7 10. 0-0-0 Rc8 11. Bb3 Nxd4 12. Bxd4 b5 13. Nd5 Nxd5 14. Bxg7 Kxg7 15. exd5 a5 16. a3 Kg8 17. h4 b4 18. a4 Qe8 19. h5 Bxa4 20. hxg6 fxg6 21. Rxh7 Kxh7 22. Rh1+ Kg7 23. Qh6+ Kf6 24. Re1 e5 25. dxe6 Bxb3 26. Re4 Rxc2+ 27. Kb1 Rc1+ 28. Kxc1 Qc8+ 29. Kd2 Qc2+ 30. Ke3 Qc1+ 31. Kf2 Qxh6 32. e7 Re8 0-1

[Event "Titled Tuesday intern op 03rd Jan Late"]
[Site "Chess.com INT"]
[Date "2023.01.03"]
[Round "9"]
[White "Rego, Vinicius Vilela"]
[Black "Carbone, Diego"]
[Result "0-1"]
[WhiteElo "2238"]
[BlackElo "2350"]
[PlyCount "74"]
[EventDate "2023.01.03"]
[EventType "swiss (blitz)"]
[EventRounds "11"]
[EventCountry "USA"]
[SourceTitle "EXT 2024"]
[Source "ChessBase"]
[SourceDate "2023.10.10"]
[SourceVersion "1"]
[SourceVersionDate "2023.10.10"]
[SourceQuality "1"]

1. Nf3 c5 2. b3 Nc6 3. Bb2 d6 4. e3 Bg4 5. Be2 Nf6 6. c4 e5 7. d3 g6 8. Nbd2 Bg7 9. 0-0 0-0 10. h3 Bxf3 11. Bxf3 Re8 12. a3 a5 13. Qc2 Qd7 14. Nb1 h5 15. Nc3 Rad8 16. Rfe1 g5 17. Be2 g4 18. h4 g3 19. fxg3 Ng4 20. Nd5 Ne7 21. Bf3 Nxd5 22. Bxd5 Bh6 23. Bc1 Kg7 24. Bd2 f5 25. Qc3 Kg6 26. Qxa5 e4 27. dxe4 fxe4 28. Qc3 Bg7 29. Qc2 Bxa1 30. Bxe4+ Kh6 31. Rxa1 Qe6 32. Bd5 Qe5 33. Rf1 Qxg3 34. e4+ Kh7 35. Rf7+ Kh8 36. Qb2+ Re5 37. Bf4 Qe1# 0-1

[Event "Titled Tuesday intern op 04th Oct Late"]
[Site "Chess.com INT"]
[Date "2022.10.04"]
[Round "1"]
[White "Erdogdu, Mert"]
[Black "Rego, Vinicius Vilela"]
[Result "1-0"]
[WhiteElo "2413"]
[BlackElo "2238"]
[PlyCount "37"]
[EventDate "2022.10.04"]
[EventType "swiss (blitz)"]
[EventRounds "11"]
[EventCountry "USA"]
[SourceTitle "EXT 2023"]
[Source "ChessBase"]
[SourceDate "2022.10.05"]
[SourceVersion "1"]
[SourceVersionDate "2022.10.05"]
[SourceQuality "1"]

1. e4 c5 2. Nf3 g6 3. d4 cxd4 4. Qxd4 Nf6 5. Nc3 Nc6 6. Qa4 d6 7. e5 dxe5 8. Nxe5 Bd7 9. Nxd7 Nxd7 10. Bb5 Bg7 11. 0-0 0-0 12. Rd1 Qc7 13. Nd5 Qd8 14. Bxc6 bxc6 15. Qxc6 Rc8 16. Qxc8 Qxc8 17. Nxe7+ Kh8 18. Nxc8 Rxc8 19. Rxd7 1-0

[Event "Niteroi op 2nd"]
[Site "Niteroi"]
[Date "2022.09.01"]
[Round "1"]
[White "Rego, Vinicius Vilela"]
[Black "Carrillo Marval, Maria Angelica"]
[Result "1-0"]
[WhiteElo "2269"]
[BlackElo "1734"]
[PlyCount "83"]
[EventDate "2022.09.01"]
[EventType "swiss"]
[EventRounds "9"]
[EventCountry "BRA"]
[SourceTitle "CBM 210 Extra"]
[Source "ChessBase"]
[SourceDate "2022.11.30"]
[SourceVersion "1"]
[SourceVersionDate "2022.11.30"]
[SourceQuality "1"]

1. Nf3 Nf6 2. d4 g6 3. c4 d5 4. cxd5 Nxd5 5. e4 Nb6 6. h3 Bg7 7. Nc3 0-0 8. Be2 c5 9. dxc5 Bxc3+ 10. bxc3 Qxd1+ 11. Bxd1 N6d7 12. Ba3 Na6 13. c6 bxc6 14. Bc2 c5 15. Nd2 Bb7 16. Nc4 Rac8 17. 0-0-0 Nb6 18. Na5 Ba8 19. f3 Rc7 20. Rd2 Nb8 21. Rhd1 Nc6 22. Nxc6 Rxc6 23. Rd8 Rc8 24. Rxc8 Rxc8 25. Bd3 Bb7 26. Be2 e6 27. Kd2 Rd8+ 28. Kc2 Rc8 29. Rb1 f5 30. e5 Bd5 31. Rb5 Nd7 32. c4 Bc6 33. Ra5 Rc7 34. Kc3 Nb6 35. Bxc5 Na4+ 36. Kd4 Rd7+ 37. Bd6 Rb7 38. Bd1 Nb6 39. Rc5 Be8 40. Bb3 a6 41. Ra5 Ra7 42. c5 1-0

[Event "Rio de Janeiro op"]
[Site "Rio de Janeiro"]
[Date "2022.04.22"]
[Round "3"]
[White "Rego, Vinicius Vilela"]
[Black "Okamura, Milton Kasuo"]
[Result "1/2-1/2"]
[WhiteElo "2301"]
[BlackElo "1907"]
[PlyCount "105"]
[EventDate "2022.04.21"]
[EventType "swiss"]
[EventRounds "6"]
[EventCountry "BRA"]
[SourceTitle "CBM 207 Extra"]
[Source "ChessBase"]
[SourceDate "2022.05.31"]
[SourceVersion "1"]
[SourceVersionDate "2022.05.31"]
[SourceQuality "1"]

1. c4 c5 2. Nc3 e6 3. Nf3 Nf6 4. g3 b6 5. Bg2 Bb7 6. 0-0 Be7 7. b3 0-0 8. Bb2 a6 9. d4 cxd4 10. Qxd4 Nc6 11. Qd2 Qc7 12. Rac1 Rad8 13. e4 Qb8 14. Rfe1 d6 15. Rcd1 Rfe8 16. Ba3 Ne5 17. Nd4 Ned7 18. Qe2 Bf8 19. Bb2 Qc7 20. h3 Rc8 21. Kh2 Ne5 22. f4 Ng6 23. Nc2 h5 24. Qf2 Red8 25. Ne3 Bc6 26. Nc2 Bb7 27. Kh1 Re8 28. Rd2 h4 29. g4 Be7 30. Red1 e5 31. f5 Nf4 32. Ne3 Qc5 33. Ned5 N6xd5 34. Qxc5 Rxc5 35. cxd5 b5 36. Ne2 Nxe2 37. Rxe2 Rec8 38. Ba3 Rc3 39. Bb2 R3c5 40. Bf1 b4 41. Rg2 Bg5 42. Bc4 Kh7 43. Rgg1 Kh6 44. a3 a5 45. axb4 axb4 46. Ra1 Bd2 47. Rg2 Bf4 48. Ra4 Rxc4 49. bxc4 Rxc4 50. Re2 Kg5 51. Ra7 Rxe4 52. Rxe4 Bxd5 53. Rxf7 1/2-1/2

[Event "Rio de Janeiro op"]
[Site "Rio de Janeiro"]
[Date "2022.04.21"]
[Round "1"]
[White "Aragao Neto, Joao Batista"]
[Black "Rego, Vinicius Vilela"]
[Result "0-1"]
[WhiteElo "1608"]
[BlackElo "2301"]
[PlyCount "92"]
[EventDate "2022.04.21"]
[EventType "swiss"]
[EventRounds "6"]
[EventCountry "BRA"]
[SourceTitle "CBM 207 Extra"]
[Source "ChessBase"]
[SourceDate "2022.05.31"]
[SourceVersion "1"]
[SourceVersionDate "2022.05.31"]
[SourceQuality "1"]

1. d4 Nf6 2. c4 g6 3. Nc3 Bg7 4. e4 d6 5. f3 0-0 6. Be3 e5 7. d5 c5 8. Qd2 Ne8 9. 0-0-0 a6 10. Bd3 Nc7 11. Nge2 b5 12. g4 bxc4 13. Bxc4 Nb5 14. Bh6 Nd4 15. Nxd4 cxd4 16. Ne2 Qc7 17. b3 Nd7 18. Bxg7 Kxg7 19. Kb1 Rb8 20. Ka1 Nc5 21. Nc1 Bd7 22. h4 f6 23. Rdf1 a5 24. g5 f5 25. h5 Be8 26. exf5 gxf5 27. h6+ Kh8 28. Nd3 Bg6 29. Rc1 f4 30. Nf2 Qb6 31. Nd3 Bxd3 32. Bxd3 Qb4 33. Qxb4 axb4 34. g6 hxg6 35. Bxg6 Rf6 36. Bb1 Rg8 37. h7 Rg7 38. Rcg1 Rxg1 39. Rxg1 d3 40. Rd1 e4 41. fxe4 f3 42. Rf1 f2 43. Kb2 Nxe4 44. Kc1 Ng3 45. Bxd3 Nxf1 46. Bxf1 Rf5 0-1

[Event "Titled Tuesday intern op 12th Apr Late"]
[Site "Chess.com INT"]
[Date "2022.04.12"]
[Round "2"]
[White "Migot, Tangi"]
[Black "Rego, Vinicius Vilela"]
[Result "1-0"]
[WhiteElo "2353"]
[BlackElo "2301"]
[PlyCount "101"]
[EventDate "2022.04.12"]
[EventType "swiss (blitz)"]
[EventRounds "11"]
[EventCountry "USA"]
[SourceTitle "CBM 207 Extra"]
[Source "ChessBase"]
[SourceDate "2022.05.31"]
[SourceVersion "1"]
[SourceVersionDate "2022.05.31"]
[SourceQuality "1"]

1. Nf3 c5 2. c4 g6 3. g3 Bg7 4. Bg2 Nc6 5. 0-0 e6 6. Nc3 Nge7 7. Rb1 0-0 8. a3 d5 9. cxd5 Nxd5 10. Nxd5 exd5 11. b4 b6 12. bxc5 bxc5 13. Bb2 d4 14. Nxd4 Nxd4 15. Bxa8 Bf5 16. Bxd4 cxd4 17. Bf3 Bxb1 18. Qxb1 Qa5 19. Qd3 Rb8 20. Rc1 h5 21. Kg2 h4 22. gxh4 Rb2 23. Rc8+ Kh7 24. Qc4 Qf5 25. Rc5 Qf6 26. h5 Rxd2 27. hxg6+ Qxg6+ 28. Kh3 Qe6+ 29. Qxe6 fxe6 30. Ra5 d3 31. Be4+ Kh6 32. Bxd3 Bd4 33. Kg3 Ra2 34. Ra6 Bb6 35. Kf3 Kg5 36. Ra4 Bc5 37. Rg4+ Kf6 38. a4 Ra1 39. h4 Rf1 40. Rf4+ Ke5 41. Re4+ Kd6 42. e3 Rh1 43. Kg2 Rd1 44. Be2 Ra1 45. h5 Ba3 46. h6 Bb2 47. Bg4 Ke7 48. Rxe6+ Kf7 49. Ra6 Kg8 50. Bf5 Be5 51. Rxa7 1-0

[Event "Titled Tuesday intern op 12th Apr Late"]
[Site "Chess.com INT"]
[Date "2022.04.12"]
[Round "7"]
[White "Mikhalsky, Vladimir"]
[Black "Rego, Vinicius Vilela"]
[Result "1-0"]
[WhiteElo "2269"]
[BlackElo "2301"]
[PlyCount "45"]
[EventDate "2022.04.12"]
[EventType "swiss (blitz)"]
[EventRounds "11"]
[EventCountry "USA"]
[SourceTitle "CBM 207 Extra"]
[Source "ChessBase"]
[SourceDate "2022.05.31"]
[SourceVersion "1"]
[SourceVersionDate "2022.05.31"]
[SourceQuality "1"]

1. e4 c5 2. Nf3 d6 3. Bb5+ Nd7 4. d4 cxd4 5. Qxd4 Ngf6 6. 0-0 g6 7. Nc3 Bg7 8. Re1 0-0 9. a4 Nc5 10. Qe3 a6 11. Bf1 Ng4 12. Qf4 Bxc3 13. bxc3 Be6 14. Nd4 Ne5 15. Qh4 Rc8 16. f4 Nc6 17. f5 Bd7 18. Re3 f6 19. Bc4+ Kg7 20. Qxh7+ Kxh7 21. Rh3+ Kg7 22. Bh6+ Kh7 23. Bxf8# 1-0

[Event "Titled Tuesday intern op 12th Apr Late"]
[Site "Chess.com INT"]
[Date "2022.04.12"]
[Round "8"]
[White "Rego, Vinicius Vilela"]
[Black "Estrada Nieto, Julian"]
[Result "0-1"]
[WhiteElo "2301"]
[BlackElo "2267"]
[PlyCount "58"]
[EventDate "2022.04.12"]
[EventType "swiss (blitz)"]
[EventRounds "11"]
[EventCountry "USA"]
[SourceTitle "CBM 207 Extra"]
[Source "ChessBase"]
[SourceDate "2022.05.31"]
[SourceVersion "1"]
[SourceVersionDate "2022.05.31"]
[SourceQuality "1"]

1. Nf3 Nf6 2. c4 c6 3. g3 d5 4. Bg2 Bg4 5. Ne5 Be6 6. cxd5 Bxd5 7. Nf3 e5 8. Nc3 e4 9. Nd4 e3 10. Nxd5 exf2+ 11. Kxf2 Nxd5 12. Rf1 Bc5 13. e3 0-0 14. Nb3 Bb6 15. d4 Nd7 16. e4 Ne7 17. Be3 f5 18. e5 Ng6 19. Kg1 Ndxe5 20. Qe2 Ng4 21. Bf4 Bxd4+ 22. Nxd4 Qxd4+ 23. Kh1 Rae8 24. Qc2 Nxf4 25. Rxf4 Qb6 26. h3 Ne3 27. Qd3 Nxg2 28. Kxg2 Qxb2+ 29. Rf2 Qxa1 0-1

[Event "Titled Tuesday intern op 01st Sept"]
[Site "Chess.com INT"]
[Date "2020.09.01"]
[Round "3"]
[White "Rego, Vinicius Vilela"]
[Black "Latreche, Khadidja"]
[Result "1-0"]
[WhiteElo "2301"]
[BlackElo "1900"]
[PlyCount "69"]
[EventDate "2020.09.01"]
[EventType "swiss (blitz)"]
[EventRounds "10"]
[EventCountry "USA"]
[SourceTitle "CBM 198 Extra"]
[Source "ChessBase"]
[SourceDate "2020.11.30"]
[SourceVersion "1"]
[SourceVersionDate "2020.11.30"]
[SourceQuality "1"]

1. d4 Nf6 2. c4 e6 3. Nf3 c5 4. d5 exd5 5. cxd5 d6 6. e4 Bg4 7. Bb5+ Nbd7 8. Nc3 a6 9. Bxd7+ Qxd7 10. h3 Bh5 11. a4 Be7 12. Bf4 0-0 13. g4 Nxg4 14. hxg4 Qxg4 15. Rxh5 Qxh5 16. Nd2 Qh1+ 17. Ke2 Qh5+ 18. Ke3 Qh3+ 19. Qf3 Qxf3+ 20. Kxf3 f5 21. e5 g5 22. exd6 Bf6 23. Rg1 g4+ 24. Kg2 h5 25. Nc4 Rfe8 26. d7 Rf8 27. Re1 Rad8 28. Nb6 Bxc3 29. bxc3 Rf6 30. Bc7 Rxb6 31. Bxd8 Rd6 32. Re8+ Kf7 33. Re7+ Kf8 34. Rh7 Rxd5 35. Bb6 1-0

[Event "Titled Tuesday intern op 01st Sept"]
[Site "Chess.com INT"]
[Date "2020.09.01"]
[Round "2"]
[White "Savanovic, Aleksandar"]
[Black "Rego, Vinicius Vilela"]
[Result "1-0"]
[WhiteElo "2410"]
[BlackElo "2301"]
[PlyCount "52"]
[EventDate "2020.09.01"]
[EventType "swiss (blitz)"]
[EventRounds "10"]
[EventCountry "USA"]
[SourceTitle "CBM 198 Extra"]
[Source "ChessBase"]
[SourceDate "2020.11.30"]
[SourceVersion "1"]
[SourceVersionDate "2020.11.30"]
[SourceQuality "1"]

1. Nf3 Nf6 2. d4 e6 3. Bf4 d5 4. e3 c5 5. c3 Nc6 6. Nbd2 Bd7 7. Bd3 Qb6 8. Rb1 Be7 9. Ne5 0-0 10. Qf3 Be8 11. Qh3 cxd4 12. exd4 Qa5 13. a3 g6 14. Bh6 Nxe5 15. dxe5 Nd7 16. Nf3 d4 17. 0-0 Nxe5 18. Nxd4 Nxd3 19. Qxd3 Rd8 20. Qe2 e5 21. Rfe1 Bf6 22. Bxf8 Kxf8 23. Nf3 Bc6 24. Nxe5 Re8 25. Nxc6 Rxe2 26. Nxa5 Rxb2 1-0

[Event "Titled Tuesday intern op 25th Aug"]
[Site "Chess.com INT"]
[Date "2020.08.25"]
[Round "2"]
[White "Rego, Vinicius Vilela"]
[Black "Griffith, Kyron"]
[Result "1-0"]
[WhiteElo "2301"]
[BlackElo "2346"]
[PlyCount "131"]
[EventDate "2020.08.25"]
[EventType "swiss (blitz)"]
[EventRounds "10"]
[EventCountry "USA"]
[SourceTitle "CBM 198 Extra"]
[Source "ChessBase"]
[SourceDate "2020.11.30"]
[SourceVersion "1"]
[SourceVersionDate "2020.11.30"]
[SourceQuality "1"]

1. d4 Nf6 2. c4 e6 3. Nf3 d5 4. g3 Be7 5. Bg2 0-0 6. 0-0 dxc4 7. Na3 Nc6 8. Nxc4 Bd7 9. Nce5 Be8 10. a3 Rb8 11. b4 a6 12. Qc2 Nxd4 13. Nxd4 Qxd4 14. Bb2 Qb6 15. Rac1 Rc8 16. Rfd1 c5 17. Nc4 Qa7 18. Nd6 Bxd6 19. Rxd6 Bc6 20. Bxc6 Rxc6 21. Rxc6 bxc6 22. Bxf6 gxf6 23. Qxc5 Qxc5 24. Rxc5 Rc8 25. a4 Rb8 26. Rxc6 Rxb4 27. Rxa6 Rb2 28. e3 Kg7 29. Ra7 Ra2 30. h4 h5 31. Kg2 Rb2 32. Kf3 Ra2 33. Ra8 Ra3 34. a5 Ra2 35. a6 Ra4 36. a7 Ra5 37. Ke4 Ra2 38. Kd4 Ra4+ 39. Kc5 Ra2 40. Kb6 Rb2+ 41. Kc6 Rc2+ 42. Kb5 Rb2+ 43. Kc4 Ra2 44. Kb3 Ra1 45. Kb2 Ra6 46. Kc2 Ra2+ 47. Kd3 Ra3+ 48. Ke2 Ra2+ 49. Kf3 Ra4 50. Kg2 Ra2 51. Kh3 Ra4 52. f3 Ra3 53. g4 hxg4+ 54. Kxg4 Ra4+ 55. Kg3 Ra2 56. e4 Ra4 57. Kg4 Ra5 58. f4 Ra3 59. h5 Ra5 60. e5 fxe5 61. fxe5 Kh7 62. h6 Ra1 63. Kg5 Ra5 64. Kf6 Ra6 65. Rf8 Rxa7 66. Rxf7+ 1-0

[Event "Titled Tuesday intern op 11th Aug"]
[Site "Chess.com INT"]
[Date "2020.08.11"]
[Round "4"]
[White "Rego, Vinicius Vilela"]
[Black "Colijn, Stefan"]
[Result "0-1"]
[WhiteElo "2301"]
[BlackElo "2332"]
[PlyCount "92"]
[EventDate "2020.08.11"]
[EventType "swiss (blitz)"]
[EventRounds "10"]
[EventCountry "USA"]
[SourceTitle "CBM 197 Extra"]
[Source "ChessBase"]
[SourceDate "2020.09.30"]
[SourceVersion "1"]
[SourceVersionDate "2020.09.30"]
[SourceQuality "1"]

1. d4 Nf6 2. c4 c5 3. d5 e6 4. Nc3 exd5 5. cxd5 d6 6. Nf3 g6 7. Bf4 Bg7 8. Qa4+ Bd7 9. Qb3 b5 10. Nxb5 Qa5+ 11. Nc3 c4 12. Qxc4 Nxd5 13. Bd2 Nxc3 14. Bxc3 Bxc3+ 15. Qxc3 Qxc3+ 16. bxc3 Na6 17. e3 Nc5 18. Nd4 Ke7 19. Bc4 Rab8 20. Nb3 Rhc8 21. 0-0 Ne4 22. Ba6 Rc6 23. Bd3 Nxc3 24. Nd4 Rc5 25. Rfc1 Rb2 26. Nb3 Rc8 27. Kf1 Nxa2 28. Rxc8 Bxc8 29. Nd4 a6 30. Nc6+ Kd7 31. Nd4 Nb4 32. Bc4 d5 33. Be2 Kd6 34. f3 f5 35. Ra4 Kc5 36. Ra1 Kb6 37. Rc1 Bd7 38. f4 a5 39. Nf3 a4 40. Ne5 Bb5 41. Bxb5 Kxb5 42. Nd7 a3 43. Rc5+ Ka4 44. Rc8 a2 45. Ra8+ Kb3 46. Nc5+ Kc2 0-1

[Event "Titled Tuesday intern op 4th Aug 10am"]
[Site "Chess.com INT"]
[Date "2020.08.04"]
[Round "6"]
[White "Rego, Vinicius Vilela"]
[Black "Pereira, Geanfrancesco"]
[Result "0-1"]
[WhiteElo "2301"]
[BlackElo "2016"]
[PlyCount "74"]
[EventDate "2020.08.04"]
[EventType "swiss (blitz)"]
[EventRounds "10"]
[EventCountry "USA"]
[SourceTitle "CBM 197 Extra"]
[Source "ChessBase"]
[SourceDate "2020.09.30"]
[SourceVersion "1"]
[SourceVersionDate "2020.09.30"]
[SourceQuality "1"]

1. d4 Nf6 2. c4 g6 3. Nc3 Bg7 4. e4 d6 5. Nf3 0-0 6. Be2 e5 7. dxe5 dxe5 8. Qxd8 Rxd8 9. Bg5 Re8 10. 0-0-0 Na6 11. Ne1 Nc5 12. f3 Nh5 13. Be3 Ne6 14. Nd3 Nhf4 15. Nxf4 exf4 16. Bf2 c5 17. Nd5 Be5 18. g3 b6 19. gxf4 Nxf4 20. Bf1 f6 21. Bg3 g5 22. h4 Nxd5 23. Bxe5 Ne3 24. Bxf6 Nxd1 25. Kxd1 g4 26. e5 Bb7 27. Be2 gxf3 28. Rg1+ Kf8 29. Bd3 Red8 30. Bxd8 Rxd8 31. Kc2 Kf7 32. Re1 Ke6 33. Kd2 f2 34. Rd1 Be4 35. Ke2 Bxd3+ 36. Rxd3 Rxd3 37. Kxf2 Rd2+ 0-1